Уравнение амальгамно-обменной колонны для усреднённых потоков; Известия Томского политехнического университета [Известия ТПУ]; Т. 308, № 3

Bibliographische Detailangaben
Parent link:Известия Томского политехнического университета [Известия ТПУ]/ Томский политехнический университет (ТПУ).— , 2000-
Т. 308, № 3.— 2005.— [С. 112-113]
1. Verfasser: Тихомиров И. А. Иван Арсентьевич
Weitere Verfasser: Видяев Д. Г. Дмитрий Геннадьевич, Гринюк А. А. Анна Александровна
Zusammenfassung:Заглавие с титульного листа
Электронная версия печатной публикации
Получено уравнение амальгамно-обменной колонны для усреднённых потоков, которое позволяет рассчитать концентрацию целевого изотопа на выходе колонны (каскада колонн) или решить обратную задачу - определить необходимое число колонн для получения целевого изотопа заданной концентрации с требуемым отбором.
Sprache:Russisch
Veröffentlicht: 2005
Schriftenreihe:Технические науки
Schlagworte:
Online-Zugang:http://www.lib.tpu.ru/fulltext/v/Bulletin_TPU/2005/v308/i3/25.pdf
Format: Elektronisch Buchkapitel
KOHA link:https://koha.lib.tpu.ru/cgi-bin/koha/opac-detail.pl?biblionumber=170374

MARC

LEADER 00000nla2a2200000 4500
001 170374
005 20231228151545.0
035 |a (RuTPU)RU\TPU\book\184770 
035 |a RU\TPU\book\184766 
090 |a 170374 
100 |a 20091121d2005 k y0rusy50 ca 
101 0 |a rus 
102 |a RU 
135 |a drnn ---uucaa 
181 0 |a i  
182 0 |a b 
200 1 |a Уравнение амальгамно-обменной колонны для усреднённых потоков  |f И. А. Тихомиров, Д. Г. Видяев, А. А. Гринюк 
203 |a Текст  |c электронный 
215 |a 1 файл (346 Кб) 
225 1 |a Технические науки 
300 |a Заглавие с титульного листа 
300 |a Электронная версия печатной публикации 
320 |a [Библиогр.: с. 113 (4 назв.)] 
330 |a Получено уравнение амальгамно-обменной колонны для усреднённых потоков, которое позволяет рассчитать концентрацию целевого изотопа на выходе колонны (каскада колонн) или решить обратную задачу - определить необходимое число колонн для получения целевого изотопа заданной концентрации с требуемым отбором. 
337 |a Adobe Reader 
461 1 |0 (RuTPU)RU\TPU\book\176237  |t Известия Томского политехнического университета [Известия ТПУ]  |f Томский политехнический университет (ТПУ)  |d 2000- 
463 1 |0 (RuTPU)RU\TPU\book\184739  |t Т. 308, № 3  |v [С. 112-113]  |d 2005  |p 263 с. 
610 1 |a уравнения 
610 1 |a амальгамно-обменные колонны 
610 1 |a усредненные потоки 
610 1 |a концентрация 
610 1 |a целевые изотопы 
610 1 |a обратные задачи 
610 1 |a отбор 
610 1 |a труды учёных ТПУ 
610 1 |a электронный ресурс 
700 1 |a Тихомиров  |b И. А.  |c российский физик  |c доктор физико-математических наук, профессор Томского политехнического университета  |f 1921-2010  |g Иван Арсентьевич  |3 (RuTPU)RU\TPU\pers\18334 
701 1 |a Видяев  |b Д. Г.  |c физик  |c доцент Томского политехнического университета, доктор технических наук  |f 1973-  |g Дмитрий Геннадьевич  |3 (RuTPU)RU\TPU\pers\28271  |4 070  |9 13215 
701 1 |a Гринюк  |b А. А.  |c физик  |c инженер Томского политехнического университета  |f 1980-  |g Анна Александровна  |3 (RuTPU)RU\TPU\pers\31447 
801 1 |a RU  |b 63413507  |c 20090623  |g PSBO 
801 2 |a RU  |b 63413507  |c 20210927  |g PSBO 
856 4 |u http://www.lib.tpu.ru/fulltext/v/Bulletin_TPU/2005/v308/i3/25.pdf 
942 |c CF